[Event "Lyon Open"]
[Site "Lyon FRA"]
[Date "1993.??.??"]
[Round "7"]
[White "Hamdouchi, Hichem"]
[Black "Plesec, Damjan"]
[Result "1/2-1/2"]
[WhiteElo "2460"]
[BlackElo "2375"]
[PlyCount "141"]
[EventDate "1993.04.??"]
[Source "www.chesslib.no"]
[SourceDate "2004.05.04"]

1. e4 d5 2. exd5 Qxd5 3. Nc3 Qa5 4. d4 Nf6 5. Nf3 Bf5 6. Ne5 c6 7. Bc4 e6 8. O-O Bb4 9. Ne2 Nbd7 10. c3 Bd6 11. Ng3 Bxe5 12. dxe5 Qxe5 13. Be3 O-O 14. Re1 Qb8 15. Nxf5 exf5 16. Bb3 Qc8 17. Qd3 Ne5 18. Qd4 Ng6 19. Bg5 Ne4 20. Qe3 Qc7 21. f3 Nxg5 22. Qxg5 f4 23. Rad1 Rae8 24. Rxe8 Rxe8 25. h4 Qe7 26. Qg4 Qe3+ 27. Kh1 Ne5 28. Qf5 Rf8 29. h5 h6 30. Qb1 Qf2 31. Qe4 Qh4+ 32. Kg1 Qxh5 33. Qxf4 Qg5 34. Qe4 Ng6 35. Kf2 Nf4 36. g3 Nd5 37. Bxd5 cxd5 38. Rxd5 Qc1 39. Qe2 Qh1 40. Qf1 Qh2+ 41. Qg2 Qxg2+ 42. Kxg2 Re8 43. Kf2 Re7 44. c4 g5 45. b4 b6 46. c5 bxc5 47. Rxc5 Kg7 48. a4 Rd7 49. Ra5 Kg6 50. g4 f6 51. Ra6 Rf7 52. b5 h5 53. gxh5+ Kxh5 54. Rc6 f5 55. a5 Rd7 56. Rc5 f4 57. Ke2 Re7+ 58. Kd2 Kh4 59. b6 axb6 60. axb6 Kg3 61. Rc7 Re6 62. b7 Rb6 63. Ke2 Rb2+ 64. Kd3 Kxf3 65. Kc4 g4 66. Rd7 Ke2 67. Kc3 Rxb7 68. Rxb7 g3 69. Rg7 Kf2 70. Kd3 g2 71. Ke4 1/2-1/2

[Event "Lvov Int"]
[Site "Lvov UKR"]
[Date "1986.??.??"]
[Round "?"]
[White "Grigorov, Jordan N"]
[Black "Przewoznik, Jan"]
[Result "0-1"]
[WhiteElo "2410"]
[BlackElo "2420"]
[PlyCount "48"]
[EventDate "1986.02.??"]
[Source "www.chesslib.no"]
[SourceDate "2004.05.04"]

1. e4 d5 2. exd5 Qxd5 3. Nc3 Qa5 4. d4 Nf6 5. Nf3 Bf5 6. Bd2 c6 7. Bc4 e6 8. O-O Qc7 9. Re1 Bd6 10. Bg5 Nbd7 11. d5 cxd5 12. Nb5 Qb6 13. Be3 Bc5 14. Bxc5 Qxc5 15. b4 Qb6 16. a4 dxc4 17. Nd6+ Kf8 18. Ng5 Bxc2 19. Qd2 c3 20. Qf4 Bg6 21. a5 Qc7 22. Qd4 e5 23. Qd1 h6 24. Nf3 Kg8 0-1

[Event "ch-LTU"]
[Site "Vilnius"]
[Date "2004.04.24"]
[Round "2"]
[White "Malisauskas, Vidmantas"]
[Black "Dambrauskas, Virginijus"]
[Result "1-0"]
[WhiteElo "2525"]
[BlackElo "2303"]
[PlyCount "80"]
[EventDate "2004.04.23"]
[Source "Roberto Alvarez"]
[SourceDate "2004.05.03"]

1. e4 d5 2. exd5 Qxd5 3. Nc3 Qa5 4. d4 Nf6 5. Nf3 Bf5 6. Bd2 c6 7. Bc4 e6 8. Bb3 Qc7 9. Qe2 Be7 10. Ne5 h5 11. f3 h4 12. O-O-O Nbd7 13. g4 hxg3 14. hxg3 Rxh1 15. Rxh1 Nxe5 16. dxe5 Nd7 17. g4 Bg6 18. f4 Nf8 19. Qf2 Bh7 20. Be3 b6 21. Qf3 O-O-O 22. Ne2 Kb7 23. Bd4 Kb8 24. Bc3 c5 25. Bc4 Qb7 26. Qxb7+ Kxb7 27. Ng3 Rd7 28. a4 Bd8 29. b3 a6 30. Bd2 f6 31. f5 Rd4 32. exf6 Bxf6 33. fxe6 Rxg4 34. Nh5 Be7 35. Nf4 Be4 36. Bd5+ Bxd5 37. Nxd5 Ng6 38. Rh7 Kc6 39. c4 Kd6 40. Rxg7 Kxe6 1-0

[Event "Vantaa op2"]
[Site "Vantaa"]
[Date "1994.??.??"]
[Round "4"]
[White "Rytshagov, Mikhail"]
[Black "Westerinen, Heikki M J"]
[Result "1/2-1/2"]
[WhiteElo "2470"]
[BlackElo "2355"]
[PlyCount "36"]
[EventDate "1994.??.??"]
[Source "www.chesslib.no"]
[SourceDate "2004.05.04"]

1. e4 d5 2. exd5 Qxd5 3. Nc3 Qa5 4. d4 Nf6 5. Nf3 Bf5 6. Bc4 e6 7. Bd2 c6 8. Qe2 Bb4 9. O-O O-O 10. a3 Bxc3 11. Bxc3 Qc7 12. Bd2 Nbd7 13. Bg5 h6 14. Bh4 Qf4 15. Rac1 Bg4 16. Qe3 Nd5 17. Qxf4 Nxf4 18. Bg3 Nb6 1/2-1/2

[Event "Gyongyos Matra Cup"]
[Site "?"]
[Date "1998.??.??"]
[Round "6"]
[White "Szabo Zsolt Jozsef"]
[Black "Foldi Istvan"]
[Result "1-0"]
[WhiteElo "2430"]
[BlackElo "2390"]
[PlyCount "79"]
[EventDate "1998.??.??"]
[Source "www.chesslib.no"]
[SourceDate "2004.05.04"]

1. e4 d5 2. exd5 Qxd5 3. Nc3 Qa5 4. d4 Nf6 5. Nf3 Bf5 6. Bc4 e6 7. O-O c6 8. Ne2 Nbd7 9. Bf4 Be7 10. Ng3 Bg6 11. Bb3 O-O 12. Qe2 Rfe8 13. Nh4 Bh5 14. Nxh5 Qxh5 15. Nf3 Nd5 16. Bg3 Bg5 17. Rfe1 Bh6 18. Rad1 Nf4 19. Qf1 Qa5 20. c3 Rad8 21. Re4 Ng6 22. Qe1 Nf6 23. Re2 Qb6 24. Ne5 Nxe5 25. Rxe5 Nd5 26. Qe4 g6 27. Qf3 Bg7 28. Re2 Rf8 29. h4 h5 30. Be5 Bxe5 31. Rxe5 Kg7 32. Rg5 Nf6 33. Re1 Qc7 34. Qd3 Nh7 35. Rg3 Kh8 36. Qe3 Kg7 37. Bc2 Rfe8 38. Qe4 Nf8 39. Qf3 Qd6 40. Re5 1-0